Fooking avocados! Louis Tomlinson quotes - Statistics

General Stats
  • This quiz has been taken 88 times
  • The average score is 59 of 96
Answer Stats
Answer % Correct
a
98%
a
98%
I
98%
I
98%
I
98%
I
98%
I
98%
avocado
93%
avocado
93%
fucking
81%
fucking
81%
me
81%
of
81%
of
81%
all
76%
it
76%
it
76%
avocados
74%
avocados
74%
avocados
74%
do
74%
like
74%
like
74%
like
74%
like
74%
like
74%
you
74%
you
74%
you
74%
you
74%
you
74%
you
74%
you
74%
food
71%
it's
71%
it's
71%
it's
71%
trendiest
71%
what
71%
what
71%
what
71%
time
69%
have
67%
have
67%
have
67%
to
67%
toast
64%
Payno
62%
an
60%
on
60%
they
60%
they
60%
don't
57%
wrong
57%
piss
55%
what's
55%
with
55%
if
52%
in
52%
in
52%
LA
52%
LA
52%
off
52%
picture
52%
bet
50%
mornings
50%
my
50%
oh
50%
tag
50%
and
48%
and
48%
and
48%
know
48%
know
48%
know
48%
most
48%
mean
45%
mean
45%
that's
45%
them
45%
boyo
43%
I'm
43%
lad
43%
go
36%
obviously
36%
see
36%
why
36%
c'mon
33%
just
33%
just
33%
tea
33%
cup
31%
people
29%
got
26%
actually
21%
because
19%
No matching quizzes found
Score Distribution
Percent of People with Each Score
Percentile by Number Answered
Your Score History
You have not taken this quiz